Countries by Their Coat of Arms - Statistics

General Stats
  • This quiz has been taken 616 times
    589 since last reset
  • The average score is 18 of 20
Answer Stats
Country % Correct
United States
99%
Brazil
97%
South Korea
97%
Switzerland
97%
Turkey
97%
Italy
95%
Austria
93%
Kosovo
92%
Mauritania
92%
Portugal
92%
Iran
90%
Greece
88%
Afghanistan
86%
Belarus
85%
Taiwan
83%
San Marino
82%
Ethiopia
81%
Andorra
80%
Bahrain
78%
Cyprus
64%
No matching quizzes found
Score Distribution
Percent of People with Each Score
Percentile by Number Answered
Your Score History
You have not taken this quiz since the last reset